| Tag |
First Indicator |
Second Indicator |
Subfields |
| LEADER |
00000cem a22000007a 4500 |
| 001 |
in00000760521 |
| 005 |
20151016170508.0 |
| 007 |
aj canzn |
| 008 |
880112s1985 ja |||a 0 eng |
| 010 |
|
|
|a 88691528
|
| 034 |
1 |
|
|a a
|b 5000000
|
| 035 |
|
|
|a (OCoLC)17480714
|
| 035 |
|
|
|9 ADJ7945AM
|
| 040 |
|
|
|a DLC
|c DLC
|d TXA
|d UtOrBLW
|
| 049 |
|
|
|a TXAC
|d [
|v =sheet]
|v 1 [A12648031]
|v 2 [A12648081]
|v 3 [A12648049]
|v 4 [A12648099]
|v 5 [A12648065]
|
| 050 |
0 |
0 |
|a G7401.H2 1985
|b .C6
|
| 052 |
|
|
|a 7401
|
| 099 |
|
|
|a G
|a 7401
|a H2
|a 1985
|a C6
|
| 110 |
2 |
|
|a Commission for the Geological Map of the World.
|b Subcommission for South and East Asia.
|
| 245 |
1 |
0 |
|a Metallogenic map of South and East Asia /
|c compiled under the general guidance of the CGMW and the Subcommission for Metallogenic Maps.
|
| 250 |
|
|
|a 1st ed., 1985.
|
| 255 |
|
|
|a Scale 1:5,000,000.
|
| 264 |
|
1 |
|a [Tokyo?] :
|b CGMW, UNESCO,
|c [1985]
|
| 264 |
|
4 |
|c ©1985
|
| 300 |
|
|
|a 1 map on 5 sheets :
|b color ;
|c 138 x 194 cm., sheets 77 x 109 cm.
|
| 336 |
|
|
|a cartographic image
|b cri
|2 rdacontent
|
| 337 |
|
|
|a unmediated
|b n
|2 rdamedia
|
| 338 |
|
|
|a sheet
|b nb
|2 rdacarrier
|
| 500 |
|
|
|a Shows most of Asia, eastward, from Persian Gulf to Japan, and southward, from northern China to Taiwan and Colombo, Sri Lanka.
|
| 500 |
|
|
|a Sheets 1-4 are the map proper. Sheet 5 is the legend.
|
| 500 |
|
|
|a Cartographic material.
|
| 650 |
|
0 |
|a Ore deposits
|z Asia
|x Maps.
|
| 650 |
|
0 |
|a Mines and mineral resources
|z Asia
|x Maps.
|
| 650 |
|
0 |
|a Geology
|z Asia
|x Maps.
|
| 999 |
|
|
|a MARS
|
| 999 |
f |
f |
|s 31dcbdf9-caf4-318f-9520-f7e0bc490dc2
|i f5b75eb8-d9b5-3bdf-b937-2818e56786a5
|t 0
|
| 952 |
f |
f |
|p normal
|a Texas A&M University
|b College Station
|c Sterling C. Evans Library
|d Evans: Maps (2nd floor)
|t 0
|e G7401.H2 1985 .C6
|h Library of Congress classification
|i unmediated -- sheet
|k sheet 2
|m A14812648081
|
| 952 |
f |
f |
|p normal
|a Texas A&M University
|b College Station
|c Sterling C. Evans Library
|d Evans: Maps (2nd floor)
|t 0
|e G7401.H2 1985 .C6
|h Library of Congress classification
|i unmediated -- sheet
|k sheet 1
|m A14812648031
|
| 952 |
f |
f |
|p normal
|a Texas A&M University
|b College Station
|c Sterling C. Evans Library
|d Evans: Maps (2nd floor)
|t 0
|e G7401.H2 1985 .C6
|h Library of Congress classification
|i unmediated -- sheet
|k sheet 4
|m A14812648099
|
| 952 |
f |
f |
|p normal
|a Texas A&M University
|b College Station
|c Sterling C. Evans Library
|d Evans: Maps (2nd floor)
|t 0
|e G7401.H2 1985 .C6
|h Library of Congress classification
|i unmediated -- sheet
|k sheet 5
|m A14812648065
|
| 952 |
f |
f |
|p normal
|a Texas A&M University
|b College Station
|c Sterling C. Evans Library
|d Evans: Maps (2nd floor)
|t 0
|e G7401.H2 1985 .C6
|h Library of Congress classification
|i unmediated -- sheet
|k sheet 3
|m A14812648049
|
| 998 |
f |
f |
|a G7401.H2 1985 .C6
|s sheet 5
|t 0
|l Evans: Maps (2nd floor)
|